<?xml version="1.0" encoding="UTF-8"?><OAI-PMH xmlns="http://www.openarchives.org/OAI/2.0/" xmlns:xsi="http://www.w3.org/2001/XMLSchema-instance"     xsi:schemaLocation="http://www.openarchives.org/OAI/2.0/ http://www.openarchives.org/OAI/2.0/OAI-PMH.xsd"><responseDate>2026-06-01T06:15:17Z</responseDate><request verb="GetRecord" identifier="oai:regmurcia.com:fintegr.1554" metadataPrefix="marc21">http://oai.regmurcia.com/oai2/oai2.php</request><GetRecord><record><header><identifier>oai:regmurcia.com:fintegr.1554</identifier><datestamp>2026-06-01</datestamp><setSpec>documentos</setSpec></header><metadata><record  xmlns="http://www.loc.gov/MARC21/slim" xmlns:xsi="http://www.w3.org/2001/XMLSchema-instance" xsi:schemaLocation="http://www.loc.gov/MARC21/slim http://www.loc.gov/standards/marcxml/schema/MARC21slim.xsd" type="Bibliographic"><leader>00000nam a2200000   4500</leader><controlfield tag="001" >005121911</controlfield><controlfield tag="003" >1554</controlfield><controlfield tag="004" >A00000000</controlfield><datafield tag="245" ind1=" " ind2=" "><subfield code="a">Carta del Bachiller Antón Martínez, procurador de la ciudad, al concejo de Murcia, cumunicando que el asunto de la lugartenencia de los alcaldes está resuelto.</subfield></datafield><datafield tag="300" ind1=" " ind2=" "><subfield code="c">306 x 216 mm.</subfield></datafield><datafield tag="351" ind1=" " ind2=" "><subfield code="a">Unidad Documental simple</subfield><subfield code="c">Archivo de Murcia. Array</subfield><subfield code="a">Unidad Documental simple</subfield><subfield code="c">Archivo de Murcia. Array</subfield></datafield><datafield tag="351" ind1=" " ind2=" "><subfield code="b">Nº 8</subfield></datafield><datafield tag="506" ind1=" " ind2=" "><subfield code="a">Acceso restringido</subfield></datafield><datafield tag="510" ind1=" " ind2=" "><subfield code="a">Relacionado con el doc. AMMU, leg. 4280, Nº 7</subfield></datafield><datafield tag="520" ind1=" " ind2=" "><subfield code="a">El procurador comunica al concejo de Murcia que los reyes han otorgado una provisión, pendiente de la firma real, por la cual los lugartenientes de los alcaldes pueden ejercer el oficio con plenas facultades y sin restricciones cuando los titulares estén ausentes. &lt;/br&gt; A continuación relata la novedades sobre  la guerra: la entrega de la fortaleza de Zamora y los movimientos de tropas del arzobispo, conde de Treviño, conde de Monterey,  el obispo de Salamanca, el rey y el duque de Alba  en torno a Cantalapiedra.</subfield></datafield><datafield tag="583" ind1=" " ind2=" "><subfield code="u">http://www.regmurcia.com/servlet/s.Sl?METHOD=VERDOCUMENTO&amp;sit=serv,Carmesi&amp;n=/01/1359/indice.djvu</subfield></datafield><datafield tag="592" ind1=" " ind2=" "><subfield code="a">1476-03-24</subfield></datafield><datafield tag="592" ind1=" " ind2=" "><subfield code="d">1476-03-24 00:00:00</subfield></datafield><datafield tag="651" ind1=" " ind2=" "><subfield code="a">Tordesillas</subfield></datafield><datafield tag="786" ind1=" " ind2=" "><subfield code="o">http://www.regmurcia.com/servlet/s.Sl?METHOD=VERDOCUMENTO&amp;sit=serv,Carmesi&amp;n=/01/1359/indice.djvu</subfield></datafield><datafield tag="856" ind1=" " ind2=" "><subfield code="u">http://www.regmurcia.com/servlet/s.Sl?METHOD=DETALLE&amp;sit=c,373,m,139,serv,Carmesi&amp;id=1554</subfield></datafield></record></metadata></record></GetRecord></OAI-PMH>
